Patents act, 1970 (39 of 1970) (Record no. 32580)

MARC details
000 -LEADER
fixed length control field 00453nam a2200169Ia 4500
008 - FIXED-LENGTH DATA ELEMENTS--GENERAL INFORMATION
fixed length control field 230917s9999||||xx |||||||||||||| ||und||
020 ## - ISBN
Price RS225
040 ## - CATALOGING SOURCE
-- 257493
Original cataloging agency VIVEKANANDA LIBRARY
041 ## - Language
-- English
082 ## - DDC NUMBER
Classification number 346.0486 B227P
100 ## - MAIN ENTRY--PERSONAL NAME
Personal name Bare Act(Universal)
245 #0 - TITLE STATEMENT
Title Patents act, 1970 (39 of 1970)
260 ## - PUBLICATION, DISTRIBUTION, ETC. (IMPRINT)
Place of publication, distribution, etc Gurgaon
Name of publisher, distributor, etc LexisNexis
Date of publication, distribution, etc 2019
300 ## - PHYSICAL DESCRIPTION
Pages xiv, 219 p.
500 ## - GENERAL NOTE
General note 3585 19/08/2019 RBP19/76691 06/09/2019 Main Budget
942 ## - ADDED ENTRY ELEMENTS (KOHA)
Koha item type Books
Holdings
Withdrawn status Lost status Damaged status Not for loan Location (home branch) Sublocation or collection (holding branch) Date acquired Koha issues (times borrowed) Koha full call number Accession No. Koha date last seen Koha item type
        VIVEKANANDA LIBRARY VIVEKANANDA LIBRARY 07/11/2019   346.0486 B227P 376687 17/09/2023 Books
        VIVEKANANDA LIBRARY VIVEKANANDA LIBRARY 07/11/2019   346.0486 B227P 376688 17/09/2023 Books
        VIVEKANANDA LIBRARY VIVEKANANDA LIBRARY 07/11/2019   346.0486 B227P 376689 17/09/2023 Books
        VIVEKANANDA LIBRARY VIVEKANANDA LIBRARY 07/11/2019   346.0486 B227P 376690 17/09/2023 Books
        VIVEKANANDA LIBRARY VIVEKANANDA LIBRARY 07/11/2019   346.0486 B227P 376691 17/09/2023 Books
© Designed and Maintained by Vivekananda Library, MDU Rohtak